书目信息 |
| 题名: |
我的最后一本减肥书
|
|
| 作者: | 仰望尾迹云 著 | |
| 分册: | ||
| 出版信息: | 北京 电子工业出版社 2018重印 |
|
| 页数: | 240页 | |
| 开本: | 21cm | |
| 丛书名: | ||
| 单 册: | ||
| 中图分类: | TS974.14 | |
| 科图分类: | ||
| 主题词: | 减肥--jian fei--基本知识 | |
| 电子资源: | ||
| ISBN: | 978-7-121-31231-1 | |
| 000 | 01076nam0 2200265 45 | |
| 001 | 012001000654 | |
| 005 | 20140106143001.0 | |
| 010 | @a978-7-121-31231-1@dCNY49.00 | |
| 099 | @aCAL 012017097045 | |
| 100 | @a20170508d2017 em y0chiy0121 ea | |
| 101 | 0 | @achi |
| 102 | @aCN@b110000 | |
| 105 | @aak a 000yy | |
| 106 | @ar | |
| 200 | 1 | @a我的最后一本减肥书@Awo de zui hou yi ben jian fei shu@f仰望尾迹云著 |
| 210 | @a北京@c电子工业出版社@d2018重印 | |
| 215 | @a240页@c图@d21cm | |
| 314 | @a仰望尾迹云, 被誉为“健身界的一缕清风”, 以严谨、科学、只出产干货著称的健身减肥科普著作。 | |
| 320 | @a有书目 | |
| 330 | @a本书从“减肥不要只看体重”、“只有慢减肥才是真减肥”等观点说起, 对减肥常见的伪科学误区, 做了基本的剖析和澄清, 对减肥科普市场伪科学横行的现象做了揭露, 总结了如何鉴别减肥伪科学的方法。对运动减肥的基础知识做了完备的总结, 并详细阐述了作者研发的系统减肥方案。 | |
| 606 | 0 | @a减肥@Ajian fei@x基本知识 |
| 690 | @aTS974.14@v5 | |
| 701 | 0 | @a仰望尾迹云@Ayang wang wei ji yun@4著 |
| 801 | 0 | @aCN@b北京卓展文化@c20191020 |
| 905 | @b1200773-6@dTS974.14@e516@f4 | |
| 我的最后一本减肥书/仰望尾迹云著.-北京:电子工业出版社,2018重印 |
| 240页:图;21cm |
| ISBN 978-7-121-31231-1:CNY49.00 |
| 本书从“减肥不要只看体重”、“只有慢减肥才是真减肥”等观点说起, 对减肥常见的伪科学误区, 做了基本的剖析和澄清, 对减肥科普市场伪科学横行的现象做了揭露, 总结了如何鉴别减肥伪科学的方法。对运动减肥的基础知识做了完备的总结, 并详细阐述了作者研发的系统减肥方案。 |
| ● |
| 相关链接 |
|
|
|
|
正题名:我的最后一本减肥书
索取号:TS974.14/516
 
预约/预借
| 序号 | 登录号 | 条形码 | 馆藏地/架位号 | 状态 | 备注 |
| 1 | 1200773 | 212007736 | 第二样本阅览室/ [索取号:TS974.14/516] | 在馆 | |
| 2 | 1200774 | 212007745 | 第三借阅区/ [索取号:TS974.14/516] | 在馆 | |
| 3 | 1200775 | 212007754 | 第三借阅区/ [索取号:TS974.14/516] | 在馆 | |
| 4 | 1200776 | 212007763 | 第三借阅区/ [索取号:TS974.14/516] | 在馆 |